| 000 | 00488nam a2200181 a 4500 | ||
|---|---|---|---|
| 001 | 4568 | ||
| 003 | CO-ViMGA | ||
| 008 | 141112s2004 ck r 000 u spa d | ||
| 040 |
_aCO-ViMGA _bspa _cCO-ViMGA |
||
| 082 | 0 | 4 | _a591.5 J153 |
| 100 | 1 |
_aJames, Barbara _955450 |
|
| 245 | 1 | 0 | _aLo que tu debes saber sobre los derechos de los animales |
| 260 |
_aSalamanca : _bLóquez, _c1996 |
||
| 300 | _a153 p | ||
| 650 | 1 | 4 | _aANIMALES - CONSERVACION |
| 650 | 1 | 4 | _aECOLOGIA ANIMAL |
| 942 |
_2ddc _cBK |
||
| 999 |
_c16578 _d16578 |
||